Southville International School and Colleges
Your cart is empty.
  • Cart
  • Lists
    Public lists Eva Luna New books Lux_list list_1
    Your lists Log in to create your own lists
  • Log in to your account
  • Your cookies
  • Search history
Southville International School and Colleges
  • Advanced search
  • Recent comments
  • Most popular
  • Libraries

Log in to your account

Log in with GOOGLE


If you do not have an external account, but do have a local account, you can still log in:

  1. Home
  2. MARC view: It's Thanksgiving /
Normal view MARC view ISBD view

It's Thanksgiving / (Record no. 106310)

[ view plain ]
MARC details
000 -LEADER
fixed length control field 00403nam a2200157 a 4500
005 - DATE AND TIME OF LATEST TRANSACTION
control field 20140412111429.0
008 - FIXED-LENGTH DATA ELEMENTS--GENERAL INFORMATION
fixed length control field 090711s19uu xx 00 eng d
020 ## - INTERNATIONAL STANDARD BOOK NUMBER
International Standard Book Number 0590-41571-9
050 ## - LIBRARY OF CONGRESS CALL NUMBER
Classification number ER
Item number It1 1982
100 ## - MAIN ENTRY--PERSONAL NAME
Personal name Prelutsky, Jack
245 ## - TITLE STATEMENT
Title It's Thanksgiving /
Statement of responsibility, etc Jack Prelutsky.
260 ## - PUBLICATION, DISTRIBUTION, ETC. (IMPRINT)
Place of publication, distribution, etc U.S.A :
Name of publisher, distributor, etc New York,
Date of publication, distribution, etc 1982.
300 ## - PHYSICAL DESCRIPTION
Extent 47p.
650 ## - SUBJECT ADDED ENTRY--TOPICAL TERM
Topical term or geographic name as entry element Thanksgiving Poems
Holdings
Withdrawn status Lost status Damaged status Home library Current library Shelving location Date acquired Source of acquisition Cost, normal purchase price Total Checkouts Full call number Barcode Date last seen Price effective from Koha item type
      Elizalde Library Elizalde Library Easy Reading Section 07/11/2009   50.00   ER It1 1982 E11570 04/12/2014 04/12/2014 Books

It's Thanksgiving /

APA

Prelutsky J., . (1982). It's Thanksgiving. U.S.A: New York.

Chicago

Prelutsky Jack, . 1982. It's Thanksgiving. U.S.A: New York.

Harvard

Prelutsky J., . (1982). It's Thanksgiving. U.S.A: New York.

MLA

Prelutsky Jack, . It's Thanksgiving. U.S.A: New York. 1982.

  • Place hold
  • Print
  • Cite
  • Add to your cart (remove)
  • Save record
    BIBTEX Dublin Core MARCXML MARC (non-Unicode/MARC-8) MARC (Unicode/UTF-8) MARC (Unicode/UTF-8, Standard) MODS (XML) RIS
  • More searches
    Search for this title in:
    Other Libraries (WorldCat) Other Databases (Google Scholar) Online Stores (Bookfinder.com) Open Library (openlibrary.org)

Exporting to Dublin Core...

SOUTHVILLE LIBRARY

Southville International School and Colleges Library

1281 Tropical Ave. Cor. Luxembourg St., BF Homes International, Las Pinas City

Tel. No. 8256374 / 252358 Loc. 117/146

Powered by Koha